| 000 | 00567nam a2200193 a 4500 | ||
|---|---|---|---|
| 005 | 20231101063721.0 | ||
| 008 | 051003s2002 mx r 000 0 spa d | ||
| 020 | _a9681105095 | ||
| 035 | _aUPN01000140468 | ||
| 049 | _aCG | ||
| 050 | 4 |
_aF1210 _bA5.3 |
|
| 245 | 0 | 0 |
_aAnatomía del mexicano / _cselec. y pról. Roger Bartra. |
| 260 |
_aMéxico : _bPlaza & Janes, _c2002. |
||
| 300 | _a318 p. | ||
| 650 | 4 |
_aCaracterísticas nacionales mexicanas _96726 |
|
| 650 | 7 |
_aNacionalismo _2 _910025 |
|
| 700 | 1 |
_aBartra Murià, Roger, _d1942- _ecomp. _931656 |
|
| 905 | _aLibro | ||
| 999 |
_c112616 _d112616 |
||